000 01474namaa22003251i 4500
005 20260629123339.0
008 260629s1994 ua a|||frm||| 000 0 eng d
040 _aEG-GICUC
_beng
_cEG-GICUC
_dEG-GICUC
_erda
041 0 _aeng
_beng
_bara
049 _aDeposit
097 _aM.Sc
099 _aCai01.12.04.M.Sc.1994.Mo.S
100 0 _aMousa Abdel Alime Jbrahim Allam,
_epreparation.
245 1 0 _aStudies on the effects of static magnetic fields on some biophysical properties of mammalian blood /
_cBy Mousa Abdel Alime Jbrahim Allam ; Supervised Prof. Dr. Fadel M. Ali, Prof. Dr. Ekram Zaki, Dr. Magdy M. Ghanam
246 1 5 _aدراسة تأثير المجال المغناطيسي الاستاتيكي علي بعض الخواص البيوفيز يقية لدم الثدييات
264 0 _c1994.
300 _amulti-number
_billustrations
_c30 cm. +
336 _2rda content
_atext
337 _2rdamedia
_aUnmediated
338 _2rdacarrier
_avolume
502 _aThesis (M.Sc.)-Cairo University, 1994
504 _aBibliography: pages multi-number
653 0 _astatic magnetic fields
_a some biophysical properties of mammalian blood
700 0 _aFadel M. Ali
_ethesis advisor.
700 0 _aEkram Zaki
_ethesis advisor.
700 0 _aMagdy M. Ghanam
_ethesis advisor.
900 _DDepartment of Biophysics
_FFaculty of Science
_UCairo University
_b1994
_c Fadel M. Ali
_cEkram Zaki
_cMagdy M. Ghanam
905 _aNehad
942 _2ddc
_cTH
_e21
_n0
999 _c180646